Statistiken für Anschlussstellen der BAB 31

Klicken Sie hier um das Quiz zu spielen!

Allgemein

  • Dieses Quiz wurde 17 mal gespielt
  • Das Durchschnittsergebnis liegt bei 23 aus 42

Antwortstatistiken

BundeslandAS-Nr.Anschlussstelle% Korrekt
Nordrhein-Westfalen39Bottrop-Feldhausen
87%
Nordrhein-Westfalen40Bottrop-Kirchhellen
87%
Nordrhein-Westfalen42Dreieck Bottrop
87%
Niedersachsen3Emden-Mitte
80%
Niedersachsen5Emden-Ost
80%
Niedersachsen1Emden-West
80%
Niedersachsen4Emden-Wolthusen
80%
Niedersachsen21Meppen-Nord
80%
Niedersachsen25Lingen
73%
Niedersachsen15Papenburg
73%
Nordrhein-Westfalen38Dorsten
67%
Niedersachsen9Dreieck Leer
67%
Nordrhein-Westfalen33Gescher/Coesfeld
67%
Niedersachsen10Leer-Nord
67%
Niedersachsen11Leer-West
67%
Nordrhein-Westfalen30Gronau/Ochtrup
60%
Nordrhein-Westfalen34Borken
53%
Nordrhein-Westfalen32Legden/Ahaus
53%
Nordrhein-Westfalen29Ochtrup-Nord
53%
Nordrhein-Westfalen41Gladbeck
47%
Niedersachsen19Haren
47%
Niedersachsen27Kreuz Schüttorf
47%
Niedersachsen18Lathen
47%
Niedersachsen2Pewsum
47%
Nordrhein-Westfalen35Reken
47%
Niedersachsen16Rhede (Ems)
47%
Nordrhein-Westfalen37Schermbeck
47%
Niedersachsen28Schüttorf-Ost
47%
Niedersachsen22Twist
47%
Niedersachsen13Weener
47%
Niedersachsen17Dörpen
40%
Niedersachsen14Dreieck Bunde
40%
Niedersachsen26Emsbüren
40%
Niedersachsen23Geeste
40%
Nordrhein-Westfalen31Heek
40%
Niedersachsen12Jemgum
40%
Niedersachsen24Wietmarschen
40%
Nordrhein-Westfalen36Lembeck
33%
Niedersachsen7Neermoor
33%
Niedersachsen6Riepe
33%
Niedersachsen8Veenhusen
33%
Niedersachsen20Wesuwe
33%

Verteilung der Resultate

Perzentil nach korrekt beantworteten Fragen

Anzahl Personen mit jedem Resultat

Ihre Resultats-Entwicklung

Sie haben dieses Quiz noch nicht gespielt